Karel Hojden a Příbramsko /

Hlavní autor: Velfl, Josef, 1956-
Další autoři: Hojden, Karel, 1893-1975
Jazyk: Čeština
Vydáno: Příbram : Knihovna Jana Drdy, 2008
Vydání: 1. vyd.
Edice: Středočeské umění
Témata:
Fyzický popis: 175 s. : il. (některé barev.), portréty, faksim. ; 31 cm
Language note: Popisky ilustrací souběžně v němčině, německé resumé
Knihy
Uloženo v:
LEADER 02531cam a2200721 a 4500
001 nkc20091867804
003 CZ PrNK
005 20090619085846.0
007 ta
008 090414s2008 xr ach f 000 0dcze d
015 |a cnb001867804 
020 |a 978-80-86937-32-8  |q (váz.) 
035 |a (OCoLC)403708396 
040 |a KLG001  |b cze  |d OLA001  |d ABA001 
041 0 |a cze  |b ger 
043 |a e-xr---  |b e-xr-st  |2 czenas 
045 |a x1x6 
072 7 |a 72/76  |x Výtvarné umění  |2 Konspekt  |9 21 
080 |a 72/76.071.1  |2 MRF 
080 |a 741/744(437.3)  |2 MRF 
080 |a 76(437.3)  |2 MRF 
080 |a 7.036/.038  |2 MRF 
080 |a 622  |2 MRF 
080 |a 7.04  |2 MRF 
080 |a (437.3)  |2 MRF 
080 |a (437.312)  |2 MRF 
080 |a (048.8)  |2 MRF 
080 |a (084.11)  |2 MRF 
100 1 |a Velfl, Josef,  |d 1956-  |7 xx0002684  |4 aut 
245 1 0 |a Karel Hojden a Příbramsko /  |c Josef Velfl a kolektiv ... 
250 |a 1. vyd. 
260 |a Příbram :  |b Knihovna Jana Drdy,  |c 2008 
300 |a 175 s. :  |b il. (některé barev.), portréty, faksim. ;  |c 31 cm 
490 1 |a Středočeské umění ;  |v sv. 3 
504 |a Obsahuje bibliografické odkazy 
546 |a Popisky ilustrací souběžně v němčině, německé resumé 
600 1 7 |a Hojden, Karel,  |d 1893-1975  |7 jk01041625  |2 czenas 
648 4 |a 1916-1969 
650 0 7 |a výtvarní umělci  |7 ph116709  |z Česko  |y 20. stol.  |2 czenas 
650 0 7 |a česká kresba  |7 ph116857  |y 20. stol.  |2 czenas 
650 0 7 |a česká grafika  |7 ph128116  |y 20. stol.  |2 czenas 
650 0 7 |a moderní umění  |7 ph115340  |z Česko  |2 czenas 
650 0 7 |a hornictví  |7 ph114693  |2 czenas 
650 0 7 |a umělecké náměty  |7 ph138227  |2 czenas 
650 0 9 |a artists  |z Czechia  |y 20th century  |2 eczenas 
650 0 9 |a Czech drawing  |y 20th century  |2 eczenas 
650 0 9 |a Czech prints  |y 20th century  |2 eczenas 
650 0 9 |a modern art  |z Czechia  |2 eczenas 
650 0 9 |a mining  |2 eczenas 
650 0 9 |a artistic themes  |2 eczenas 
655 7 |a monografie  |7 fd132842  |2 czenas 
655 7 |a obrazové publikace  |7 fd132947  |2 czenas 
655 9 |a monographs  |2 eczenas 
655 9 |a pictorial works  |2 eczenas 
651 7 |a Příbram (Česko)  |7 ge130586  |2 czenas 
651 9 |a Příbram (Czechia)  |2 eczenas 
700 1 |a Hojden, Karel,  |d 1893-1975  |7 jk01041625  |4 art 
830 0 |a Středočeské umění  |0 s 
910 2 |a BOA001  |b 4-1221.881 
990 |a BK 
995 |a 01 
991 |b 200905  |c NOV 
996 6 |b 2610375136  |c 4-1221.881  |l MZK  |r Sklad / do 1 hodiny  |n 1  |p p.v.  |w 000936184  |u 000010  |a 1  |e BOA001  |j MZK50  |s P